LEADER 00842nam a2200241 i 4500 001 000000149323 003 CaOOAMICUS 005 20060330000000.0 008 060330s1972 it u000 u ita u 013 $a126643 040 $aSeMil$bita 100 1 $aPellegrini, Alessandro,$d<1897-1985>.$0(OLS)http://semarc/name/35674 245 10$aMemorie per un nuovo giorno /$cAlessandro Pellegrini. 250 $a2. Ed. 260 $aFirenze :$bVallecchi,$c1972. 300 $aVII, 191 p. ;$c19 cm. 500 $aFondo Ciprandi. 850 $aSeMil 852 $aSeMil$W1$xVenegono$y1$m1D II 98$j101593$B101593$CSeMilBibl$Z2$F110235 $81 941 1 $a1 961 $aOmaggio: Ciprandi dott. Paolo 996 $6245$aMemorie per un nuovo giorno$9(OLS)http://semarc/title/218292 996 $6260$aFirenze :$bVallecchi$9(OLS)http://semarc/publisher/29768 LEADER 01415nam a2200301 i 4500 001 000000160469 003 CaOOAMICUS 005 20230525081653.0 008 070323s1999 it u000 u ita u 020 $a88-7078-606-4 040 $aSeMil$bita 100 1 $aDarwin, Charles,$d<1809-1882>.$0(OLS)http://semarc/name/13018 240 10$aCharles Darwin's Letters A Selection 1825-1859.$0(OLS)http://semarc/title/143159 245 10$aLettere 1825-1859 /$cCharles Darwin ; a cura di Frederick Burkhardt ; prefazione di Stephen Jay Gould ; traduzione di Silvia Stefani. 264 1$aMilano :$bRaffaello Cortina,$c1999. 300 $aXXXI, 318 p. :$bill. ;$c23 cm 490 1 $aScienza e idee ;$v58 650 4$aDarwin, Charles <1809-1882> - Lettere e carteggi.$0(OLS)http://semarc/subject/53805 700 1 $aStefani, Silvia.$0(OLS)http://semarc/name/28460 700 1 $aGould, Stephen Jay.$0(OLS)http://semarc/name/42292 700 1 $aBurkhardt, Frederick.$0(OLS)http://semarc/name/42291 830 0$aScienza e idee ;$v58.$0(OLS)http://semarc/title/5942 850 $aSeMil 852 $aSeMil$W1$xVenegono$y1$m2NA F 58$j240804$B111944$CSeMilBibl$Z2$F121991 $81 996 $6020$a88-7078-606-4$9(OLS)http://semarc/number/76307 996 $6245$aLettere 1825-1859$9(OLS)http://semarc/title/143158 996 $6264$aMilano :$bRaffaello Cortina$9(OLS)http://semarc/publisher/31196